Investment development path of Slovakia: lessons learned from the last decade
Priame zahraničné investície - Dunningova teória. Priame zahraničné informácie na Slovensko a zo Slovenska. Rekapitulácia prílivu priamych zahraničných informácií. Úroveň ekonomického rozvoja Slovenska podľa Dunningovej teórie.
Salvato in:
| Autore principale: | |
|---|---|
| Altri autori: | , |
| Natura: | Capitolo di libro |
| Lingua: | inglese |
| Soggetti: | |
| Tags: |
Nessun Tag, puoi essere il primo ad aggiungerne!!
|
MARC
| LEADER | 00000nla$a2200000$$$4500 | ||
|---|---|---|---|
| 001 | 0124267 | ||
| 005 | 20240710080859.6 | ||
| 041 | 0 | |a eng | |
| 044 | |a AT | ||
| 245 | 1 | 0 | |a Investment development path of Slovakia: lessons learned from the last decade |c Soňa Ferenčíková, Daniel Krajčík, Alexandra Pappová |
| 520 | |a Priame zahraničné investície - Dunningova teória. Priame zahraničné informácie na Slovensko a zo Slovenska. Rekapitulácia prílivu priamych zahraničných informácií. Úroveň ekonomického rozvoja Slovenska podľa Dunningovej teórie. | ||
| 610 | 2 | 0 | |a investície priame zahraničné |
| 610 | 2 | 0 | |a vývoj hospodársky |
| 610 | 2 | 0 | |a Slovensko |
| 100 | 1 | |a Ferenčíková, Soňa, 1960- | |
| 700 | 1 | |a Krajčík, Daniel, 1981- | |
| 700 | 1 | |a Pappová, Alexandra | |